000 01037cam a2200265 4500
008 090401t2000 xxu||||| |||| 00| 0 eng d
020 _a0727725963
035 _a(Sirsi) u99910
041 _aeng
050 _a690
100 _aGann, David
245 _aBuilding innovation : complex constructs in a changing world.
260 _aLondon
_bThomas Telford
_c2000
300 _axvii,257p. : ill. ; 25cm.
350 _a40
520 _aTechnological and organisational changes are transforming the production and use of the built environment. This book seeks to understand how to manage contemporary changes through a historical framework, from the Machine Age through to the Digital Age. It also compares lessons learned from Europe, Japan and North America.
650 _aBUILDING RESEARCH
650 _aCONSTRUCTION RESEARCH
650 _aDIGITAL TECHNOLOGY
650 _aINNOVATION
650 _aMANAGEMENT-PROJECT MANAGEMENT
690 _aBUILDING AND CONSTRUCTION-MANAGEMENT
942 _n0
948 _c21/05/1999
999 _c99520
_d99520